Statistics for Click the Simon & Garfunkel Song Title Ending

Click here to take the quiz!

General Stats

  • This quiz has been taken 163 times
  • The average score is 22 of 25

Answer Stats

HintAnswer% Correct
Mrs.Robinson
99%
Diamonds on the Soles of HerShoes
98%
Still Crazy After All TheseYears
98%
The Only Living Boy in NewYork
98%
The Sound ofSilence
97%
Bridge over TroubledWater
97%
HomewardBound
95%
Take Me to the MardiGras
95%
Leaves That AreGreen
95%
Under AfricanSkies
94%
50 Ways to Leave YourLover
93%
For Emily, Whenever I May FindHer
92%
Me and Julio Down by theSchoolyard
90%
You Can Call MeAl
88%
ScarboroughFair
88%
Mother and ChildReunion
88%
El CondorPasa
86%
So Long, Frank LloydWright
86%
I Am aRock
84%
OldFriends
83%
The Boy in theBubble
80%
April Come SheWill
77%
At theZoo
77%
A Hazy Shade ofWinter
74%
Song for theAsking
56%

Score Distribution

Percentile by Number Answered

Percent of People with Each Score

Your Score History

You have not taken this quiz